Barros Arana: formación intelectual de una nación

Gorde:
Xehetasun bibliografikoak
Egile nagusia: Villalobos Rivera, Sergio (Egilea)
Formatua: Liburua
Hizkuntza:gaztelania
Argitaratua: Santiago Universitaria 2000
Santiago Centro de Investigaciones Diego Barros Arana 2000
Edizioa:1a. ed
Saila:Imagen de Chile
Gaiak:
Etiketak: Etiketa erantsi
Etiketarik gabe, Izan zaitez lehena erregistro honi etiketa jartzen!

MARC

LEADER 00000nam a2200000 a 4500
001 UCK4076
003 CL-VaPUC
008 050520e20000000cl |||||||||||||||||spa|d
020 |a 9561115530 
082 0 4 |a 370.92  |b VIL  |2 21 
100 0 |a Villalobos Rivera, Sergio  |e author  |9 492464 
245 1 0 |a Barros Arana: formación intelectual de una nación 
250 |a 1a. ed 
300 |a 73 p 
942 |c BK 
945 |d 20050520 00:00:00  |a cmena 
260 |a Santiago  |b Universitaria  |c 2000 
260 |a Santiago  |b Centro de Investigaciones Diego Barros Arana  |c 2000 
600 0 |a Barros Arana, Diego  |9 316241 
650 0 |a Educadores   |9 314091 
650 0 |a Biografías  |9 255210 
650 0 |a Vida intelectual  |9 265379 
650 0 |a Escritores chilenos   |9 420370 
650 0 |a Vida y obra  |9 311871 
583 |a last modification  |c 20171220 05:06:50  |k Rodrigo Vera 
490 0 |a Imagen de Chile 
999 |c 313049  |d 313047 
952 |0 0  |1 0  |4 0  |6 370_920000000000000_VIL_2000_2000  |7 0  |8 A  |9 384107  |a BIBHIS  |b BIBHIS  |d 2019-11-22  |i 4090845  |o 370.92 VIL 2000 2000  |p 4090845  |r 2025-01-20  |w 2019-11-22  |y BK  |k HIS